000 00601nam a2200229Ia 4500
003 OSt
005 20221007072345.0
006 a|||||r|||| 00| 0
007 ta
008 221006b |||||||| |||| 00| 0 eng d
024 _a14,190
037 _cTextual
040 _aFLL
_cFLL
_beng
041 _2eng
_aeng
082 _aW:910X:53, J0
100 _aViner Jacob Au.
_9690525
245 0 _aCustom union issue
260 _aLondon
_bStevens & Sons ltd. London
_c1950
300 _a221p
_ccm.
942 _hW:910X:53, J0
_cTEXL
_2CC
999 _c1145847
_d1145847